| 000 | 00568nam a22001817a 4500 | ||
|---|---|---|---|
| 005 | 20240202132044.0 | ||
| 008 | 240202b |||||||| |||| 00| 0 eng d | ||
| 020 | _a0406010277 ; 040601020 X | ||
| 041 | _aEnglish | ||
| 082 | _a347.7 ATK | ||
| 100 | _lEnglish | ||
| 245 | _aAtkin's Encyclopedia of Court Forms in Civil Proceedings | ||
| 250 | _aSecond Edition | ||
| 260 |
_aLondon : _bButterworth and Publishers (Pty), _c1984 |
||
| 300 |
_bxliv, 439 pages ; _c26,5 cm. |
||
| 650 |
_aLegal practice _bLaw |
||
| 942 |
_cBK _6ALISON_BN_VRIES |
||
| 999 |
_c1330 _d1330 |
||